000 00542nam a2200181Ia 4500
005 20250326124123.0
008 250326s9999 xx 000 0 und d
037 _aTextbook
040 _aFMSL
_beng
_cFMSL
041 _aeng
_2eng
084 _aX:321 K6
_qFMSL
100 _aNicosia F M
_9736817
245 0 _aConsumer decision processes: marketing and advertising implications
_cNicosia F M
260 _aNew Jersey
_bNew Jersey, Prentice-Hall
_c1966
300 _a280p
942 _cTB
_hX:321 K6
999 _c1272382
_d1272382